000 00747nam a2200241 4500
003 OSt
005 20260530113909.0
008 260506b1975 |||a|||| |||| 00| 0 eng d
020 _a0394715306
040 _aICI
_bspa
_cICI
050 _aGV425
_bF74
100 1 _aPaul Friedberg, M.
_933195
245 1 0 _aHandcrafted Playgrounds:
_bDesigns you can build yourself
_cM. Paul Friedberg
264 1 _bVintage Books
_c1975
_aEstados Unidos
300 _a123 páginas
336 _atexto
_2rdacontent
337 _asin medio
_2rdamedia
338 _avolumen
_2rdacarrier
650 _aarques infantiles
_xDiseño y construcción
_933196
650 _aÁreas de juego para niños
_933197
650 _aRecreación infantil
_933198
942 _2ddc
_cBK
_n1
999 _c12073
_d12073